| 000 | 01783nam a2200349 c 4500 | ||
|---|---|---|---|
| 003 | BLK | ||
| 005 | 20180420223515.0 | ||
| 008 | 180408b bul|||||r ||||||| ||bul|| | ||
| 010 | _aKNG00071567000 | ||
| 020 |
_a978-954-730-394-2 _bиздат.: Сиби |
||
| 040 | _aBLK | ||
| 041 |
_aBUL _cBUL |
||
| 080 |
_aТрудово законодателство. Работническо законодателство. Социално законодателство _b351.83 _x:368.4(497.2)(094.4) _z351.83:368.4(497.2)(094.4) |
||
| 110 | 1 |
_aБългария. Закони и др. п. _9243213 |
|
| 139 |
_aБългария. Закони и др. п. _bБ 92 |
||
| 245 | 1 | 0 | _aКодекс за социално осигуряване |
| 250 | _a10. изд. | ||
| 257 | _aBGR | ||
| 260 |
_аСофия _bСиби _c2007 _fСофия : Инвестпрес |
||
| 300 |
_a368 с. _c19 см |
||
| 380 | _a3 | ||
| 490 | 1 | _aПоредица Джобни издания | |
| 500 | _a1. изд. 2001със загл. Кодекс за задължително обществено осигуряване ; В кн. означено 12. изд. - Съдържа и Закон за бюджета на държавното обществено осигуряване за 2007 г. ; Закон за Комисията за финансов надзор. - Към 1 ян. 2007 | ||
| 650 | 4 |
_aОбществено осигуряване - България - законодателни и директивни материали _9242702 |
|
| 653 | _aобществено осигуряване | ||
| 653 | _aзаконодателство | ||
| 852 | _aЦб 231430 | ||
| 856 | 4 |
_qpdf _u |
|
| 856 | 4 |
_qpdf _u |
|
| 942 |
_cKNG _n0 |
||
| 944 |
_aCR _c13.02.2007 _kГеновева_Генчева |
||
| 944 |
_aED _c16.10.2007 _k |
||
| 999 |
_c67257 _d67257 |
||